Southville International School and Colleges
Your cart is empty.
  • Cart
  • Lists
    Public lists Eva Luna New books Lux_list list_1
    Your lists Log in to create your own lists
  • Log in to your account
  • Your cookies
  • Search history
Southville International School and Colleges
  • Advanced search
  • Recent comments
  • Most popular
  • Libraries

Log in to your account

Log in with GOOGLE


If you do not have an external account, but do have a local account, you can still log in:

  1. Home
  2. MARC view: Puntóng Batangan :
Normal view MARC view ISBD view

Puntóng Batangan : (Record no. 292145)

[ view plain ]
MARC details
000 -LEADER
fixed length control field 00669nam a2200217Ia 4500
008 - FIXED-LENGTH DATA ELEMENTS--GENERAL INFORMATION
fixed length control field 160319s9999 xx 000 0 und d
020 ## - INTERNATIONAL STANDARD BOOK NUMBER
International Standard Book Number 9719356405
050 ## - LIBRARY OF CONGRESS CALL NUMBER
Classification number 400
050 ## - LIBRARY OF CONGRESS CALL NUMBER
Item number R671p 2006
100 ## - MAIN ENTRY--PERSONAL NAME
Personal name Roces, Marian Pastor
245 ## - TITLE STATEMENT
Title Puntóng Batangan :
245 ## - TITLE STATEMENT
Remainder of title katwiran at dilà dine sa Batangas City = accent, polemic, and tongue, Batangas City
245 ## - TITLE STATEMENT
Statement of responsibility, etc Marian Pastor Roces ; with photographs by Neal Oshima.
260 ## - PUBLICATION, DISTRIBUTION, ETC. (IMPRINT)
Name of publisher, distributor, etc Tao Management Inc.
260 ## - PUBLICATION, DISTRIBUTION, ETC. (IMPRINT)
Date of publication, distribution, etc 2006
300 ## - PHYSICAL DESCRIPTION
Extent 207 pages :
300 ## - PHYSICAL DESCRIPTION
Other physical details illustrations (some color) ;
300 ## - PHYSICAL DESCRIPTION
Dimensions 24 x 29 cm
650 ## - SUBJECT ADDED ENTRY--TOPICAL TERM
Topical term or geographic name as entry element Batangas (Philippines)
650 ## - SUBJECT ADDED ENTRY--TOPICAL TERM
Topical term or geographic name as entry element Philippines -- Batangas.
Holdings
Withdrawn status Lost status Damaged status Home library Current library Shelving location Date acquired Total Checkouts Full call number Barcode Date last seen Price effective from Koha item type
      Stonyhurst Southville International School (Batangas) Stonyhurst Southville International School (Batangas) Filipiniana Section 03/19/2016   Fil 400 R671p 2006 US 0498 03/19/2016 03/19/2016 Books

Puntóng Batangan :

APA

Roces M. P., .Puntóng Batangan. : Tao Management Inc.

Chicago

Roces Marian Pastor, .Puntóng Batangan. : Tao Management Inc.

Harvard

Roces M. P., .Puntóng Batangan. : Tao Management Inc.

MLA

Roces Marian Pastor, .: Tao Management Inc. .

  • Place hold
  • Print
  • Cite
  • Add to your cart (remove)
  • Save record
    BIBTEX Dublin Core MARCXML MARC (non-Unicode/MARC-8) MARC (Unicode/UTF-8) MARC (Unicode/UTF-8, Standard) MODS (XML) RIS
  • More searches
    Search for this title in:
    Other Libraries (WorldCat) Other Databases (Google Scholar) Online Stores (Bookfinder.com) Open Library (openlibrary.org)

Exporting to Dublin Core...

SOUTHVILLE LIBRARY

Southville International School and Colleges Library

1281 Tropical Ave. Cor. Luxembourg St., BF Homes International, Las Pinas City

Tel. No. 8256374 / 252358 Loc. 117/146

Powered by Koha